समाज- विज्ञान विश्वकोश / (Record no. 53594)

MARC details
000 -LEADER
fixed length control field 00692nam a2200205Ia 4500
005 - DATE AND TIME OF LATEST TRANSACTION
control field 20260429112336.0
008 - FIXED-LENGTH DATA ELEMENTS--GENERAL INFORMATION
fixed length control field 260429s9999||||xx |||||||||||||| ||und||
020 ## - INTERNATIONAL STANDARD BOOK NUMBER
International Standard Book Number 9788126725878
041 ## - LANGUAGE CODE
Language Hindi
082 ## - DEWEY DECIMAL CLASSIFICATION NUMBER
Classification number 301
Item number DUB
100 ## - MAIN ENTRY--PERSONAL NAME
Personal name दुबे,अजय कुमार
245 #0 - TITLE STATEMENT
Title समाज- विज्ञान विश्वकोश /
Statement of responsibility, etc अजय कुमार दुबे
250 ## - EDITION STATEMENT
Edition statement 2nd ed.
260 ## - PUBLICATION, DISTRIBUTION, ETC. (IMPRINT)
Place of publication, distribution, etc नई दिल्ली :
Name of publisher, distributor, etc राजकमल प्रकाशन,
Date of publication, distribution, etc 2015.
300 ## - PHYSICAL DESCRIPTION
Extent lix, 1117 p.; Hb
440 ## - SERIES STATEMENT/ADDED ENTRY--TITLE
Volume number/sequential designation खंड- 3
650 ## - SUBJECT ADDED ENTRY--TOPICAL TERM
Topical term or geographic name as entry element Sociology & anthropology
700 ## - ADDED ENTRY--PERSONAL NAME
Personal name यादव,बीरपाल सिंह
942 ## - ADDED ENTRY ELEMENTS (KOHA)
Koha item type Text Books
Holdings
Withdrawn status Lost status Damaged status Not for loan Collection code Home library Location Shelving location Date of Cataloging Source of acquisition Total Checkouts Full call number Barcode Date last seen Price effective from Koha item type
        Non-fiction CUTN Central Library CUTN Central Library Social Sciences 29/04/2026 Segment Book Distributors, New Delhi - Invoice No. 71458 on 09-02-2026   301 DUB 58434 29/04/2026 29/04/2026 Text Books